| 000 | 00710nam a22002417a 4500 | ||
|---|---|---|---|
| 001 | sjds | ||
| 003 | sjds | ||
| 005 | 20240111183950.0 | ||
| 008 | 220609b mx ||||| |||| 00| 0 spa d | ||
| 020 | _a9706290338 | ||
| 020 | _a7509965935196 | ||
| 024 |
_2UPC _a7509965935196 |
||
| 040 | _csjds | ||
| 041 | _aspa | ||
| 100 | 1 | 0 | _aRojo, Luis |
| 245 | 1 | 3 |
_aEl cacahuate / _cLuis Rojo ; ilustraciones de Yolanda Mora. |
| 246 | _aEl cacahuate | ||
| 260 |
_aMexico, D.F. : _bConsejo Nacional para la Cultura y las Artes en coedicion con Sistemas Tecnicos de Edicion, _c 1993. |
||
| 300 |
_a24 pages : _bcolor illustrations ; _c20 cm. |
||
| 440 | _aFrutos prodigiosos | ||
| 700 | _aMora, Yolanda | ||
| 942 | _cBK | ||
| 999 |
_c27058 _d27058 |
||